| 000 | 01222cam a2200301 a 4500 | ||
|---|---|---|---|
| 001 | 0000003793 | ||
| 005 | 20170406115316.0 | ||
| 008 | 120316s1854 enk 000 0 eng | ||
| 010 | _a 2012657364 | ||
| 040 |
_aDLC _cDLC |
||
| 042 | _ac=Program for Cooperative Cataloging | ||
| 043 | _ae-uk-en | ||
| 050 | 0 | 0 |
_aPR1866 _b.T8 1854 |
| 245 | 1 | 4 |
_aThe Canterbury tales / _cby Geoffrey Chaucer ; from the text and with the notes and glossary of Thomas Tyrwhitt, condensed and arranged under the text. |
| 250 |
_aNew ed. / _billustrated by Edward Corbould. |
||
| 260 |
_aLondon : _bG. Routledge, _c1854. |
||
| 300 |
_axxxiv, 519 p. : _bill. ; _c20 cm. |
||
| 490 | 0 | _aRoutledge's British poets | |
| 500 |
_aLC copy has clipped illustration by Norman Ault laid in. _5DLC. |
||
| 561 | _5DLC | ||
| 650 | 0 |
_aChristian pilgrims and pilgrimages _vPoetry. |
|
| 700 | 1 |
_aTyrwhitt, Thomas, _d1730-1786, _eed. |
|
| 700 | 1 |
_aCorbould, Edward Henry, _d1815-1905, _eill. |
|
| 700 | 1 |
_aMorse, John Torrey, _d1840-1937, _einscriber. _5DLC. |
|
| 710 | 2 |
_aOliver Wendell Holmes Collection (Library of Congress) _5DLC. |
|
| 908 | _a140711 | ||
| 999 |
_c3648 _d3648 |
||